Ideología y teoría sociológica

Wedi'i Gadw mewn:
Manylion Llyfryddiaeth
Prif Awdur: Zeitlin, Irving
Fformat: Texto
Cyhoeddwyd: Buenos Aires: Amorrortu editores
Tagiau: Ychwanegu Tag
Dim Tagiau, Byddwch y cyntaf i dagio'r cofnod hwn!

MARC

LEADER 00000 a a2200000 04500
001 25273
003
040 |a CRAI/IIS  |c CRAI/IIS 
020 |a 84-610-1020-5  
090 |a 180800  
100 |a Zeitlin, Irving  
245 |a Ideología y teoría sociológica  
260 |a Buenos Aires:   |b Amorrortu editores  
300 |a 364 p.  
999 |c 14070  |d 14070